| 000 | 00534cam a2200193 4500 | ||
|---|---|---|---|
| 001 | D8983 | ||
| 008 | 090401t1977 xxu||||| |||| 00| 0 eng d | ||
| 035 | _a(Sirsi) u16629 | ||
| 041 | _aeng | ||
| 050 | _a692.3 | ||
| 110 |
_aStandard Method of Measurement Development Unit 77/10 _93252 |
||
| 245 | _aWidening the use of measurement information | ||
| 260 |
_aLondon _bStandard Method of Measurement Developme _c1977 |
||
| 300 | _a2 leaves. 30cm | ||
| 350 | _a0 | ||
| 520 | _aFiled at SMMDU/16 | ||
| 942 | _n0 | ||
| 948 | _c04/03/1997 | ||
| 999 |
_c87438 _d87438 |
||